000 00812nam a2200253 a 4500
001 000033504
003 DO-SdBNP
005 20240927073748.0
007 ta
008 091127s1996 dr p 000 m spa d
040 _aDO-SdBNP
_bspa
_cBNPHU
082 4 _aRD864.44
_bB171y
_222
100 1 _a Balaguer, Joaquín,
_d1906-2002
_976556
245 1 0 _aYo y mis condiscípulos /
_cJoaquín Balaguer.
260 _aSanto Domingo :
_bCorripio,
_c1996.
300 _a256 p. ;
_c21 cm.
500 _aIncluye referencias bibliográficas y notas al pie de las páginas.
590 _aInventariado, 2022/BT
650 4 _aLiteratura domincana
_925681
650 0 _aEnsayos dominicanos
_965
650 4 _aLiteratura dominicana
_xHistoria y critica
_9159
910 _aValidado. Control de calidad MFF
942 _2ddc
_cLBS1
999 _c32995
_d32995